| 000 | 00679nam a2200241 a 4500 | ||
|---|---|---|---|
| 008 | |||
| 020 | _a0030722438 (cased) | ||
| 049 | _aMAIN | ||
| 090 | _aQA276.A2 | ||
| 100 | 1 | _aWitte, Robert S. | |
| 245 | 1 | 0 |
_aStatistics / _cRobert S. Witte. |
| 250 | _a4th ed. | ||
| 260 |
_aFort Worth : _bHarcourt Brace Jovanovich College Publishers, _cc1993. |
||
| 300 |
_axix, 551 p. : _bill. ; _c24 cm. |
||
| 500 | _aList of formulas tipped in. | ||
| 500 | _aIncludes index. | ||
| 650 | 0 | _aStatistics. | |
| 907 |
_a.b1004047x _b21-10-03 _c17-04-03 |
||
| 003 | |||
| 005 | 20230123133207.0 | ||
| 040 | _cNUST | ||
| 942 |
_cBOOKS _kQA276.A2 |
||
| 999 |
_c144355 _d144355 |
||